Jiří Suchý & tingltangl : 3 1/2 rozhovoru /

Hlavní autor: Hvížďala, Karel, 1941-
Další autoři: Suchý, Jiří, 1931 říjen 1.-
Jazyk: Čeština
Vydáno: Praha : Galén, [2019]
Vydání: První souborné vydání
Edice: Olivovníky
Témata:
Fyzický popis: 553 stran : ilustrace, portréty, faksimile ; 21 cm
Knihy
Uloženo v:
LEADER 02600cam a2200685 i 4500
001 nkc20193156656
003 CZ PrNK
005 20200515074905.0
007 ta
008 190925t20192019xr ach e 001 1acze d
015 |a cnb003156656 
020 |a 978-80-7492-434-7  |q (vázáno) 
035 |a (OCoLC)1200247340 
040 |a HKA001  |b cze  |d OLA001  |d ABA001  |e rda 
043 |a e-xr---  |b e-xr-pg  |2 czenas 
045 |a x3y1 
072 7 |a 792  |x Divadlo. Divadelní představení  |2 Konspekt  |9 3 
072 7 |a 929  |x Biografie  |2 Konspekt  |9 8 
080 |a 792.071.2  |2 MRF 
080 |a 78.071.2  |2 MRF 
080 |a 82-192-051  |2 MRF 
080 |a 792.054  |2 MRF 
080 |a 929  |2 MRF 
080 |a (437.311)  |2 MRF 
080 |a (437.3)  |2 MRF 
080 |a (047.53)  |2 MRF 
100 1 |a Hvížďala, Karel,  |d 1941-  |7 jk01043370  |4 aut 
245 1 0 |a Jiří Suchý & tingltangl :  |b 3 1/2 rozhovoru /  |c Karel Hvížďala 
250 |a První souborné vydání 
264 1 |a Praha :  |b Galén,  |c [2019] 
264 4 |c ©2019 
300 |a 553 stran :  |b ilustrace, portréty, faksimile ;  |c 21 cm 
336 |a text  |b txt  |2 rdacontent 
337 |a bez média  |b n  |2 rdamedia 
338 |a svazek  |b nc  |2 rdacarrier 
490 1 |a Olivovníky 
504 |a Obsahuje bibliografie a rejstřík 
600 1 7 |a Suchý, Jiří,  |d 1931 říjen 1.-  |7 jk01121734  |2 czenas 
610 2 7 |a Divadlo Semafor  |7 kn20010709448  |2 czenas 
648 7 |a 20.-21. století  |7 ch462155  |2 czenas 
650 0 7 |a divadelní herci  |7 ph119497  |z Česko  |y 20.-21. století  |2 czenas 
650 0 7 |a zpěváci  |7 ph127683  |z Česko  |y 20.-21. století  |2 czenas 
650 0 7 |a textaři  |7 ph126620  |z Česko  |y 20.-21. století  |2 czenas 
650 0 7 |a divadla malých forem  |7 ph327646  |z Česko  |y 20.-21. století  |2 czenas 
650 0 9 |a actors  |z Czechia  |y 20th-21st centuries  |2 eczenas 
650 0 9 |a singers  |z Czechia  |y 20th-21st centuries  |2 eczenas 
650 0 9 |a lyricists  |z Czechia  |y 20th-21st centuries  |2 eczenas 
650 0 9 |a theaters of small forms  |z Czechia  |y 20th-21st centuries  |2 eczenas 
651 7 |a Praha (Česko)  |7 ge118011  |2 czenas 
651 9 |a Prague (Czechia)  |2 eczenas 
655 7 |a rozhovory  |7 fd133303  |2 czenas 
655 9 |a interviews  |2 eczenas 
700 1 |a Suchý, Jiří,  |d 1931 říjen 1.-  |7 jk01121734  |4 aut 
830 0 |a Olivovníky  |0 s 
910 2 |a BOA001  |b 2-1439.779 
920 |a 000943176  |z HKA001 
990 |a BK 
995 |a 01 
996 6 |b 2610812226  |c 2-1439.779  |l MZK  |r Sklad / do 1 hodiny  |n 0  |p p.v.  |w 001775680  |u 000010  |a 1  |e BOA001  |j MZK50  |s P 
996 7 |b 2610816666  |c 2-1439.779  |l MZK  |r Sklad / do 1 hodiny  |n 0  |p kup  |w 001775680  |u 000020  |a 1  |e BOA001  |j MZK50  |s A